| 000 | 00328nam a2200121Ia 4500 | ||
|---|---|---|---|
| 005 | 20251222142023.0 | ||
| 008 | 251222s9999||||xx |||||||||||||| ||spa|| | ||
| 082 | _a658.45/M84 | ||
| 100 | _aMonroy Morante, Jesús | ||
| 245 | 0 | _aEl Empresario y la Comunicación | |
| 264 | _bOrganización Internacional del Trabajo | ||
| 942 | _cLIB | ||
| 999 |
_c10725 _d10725 |
||